000 00580nam a2200217 a 4500
008
020 _a1854500120 (pbk. )
049 _aMAIN
090 _aHF1416
_bWES
100 1 _aWest, Alan.
245 1 0 _aCases in global strategy :
_cAlan West.
260 _aEngland :
_bElm publications,
_c1992.
300 _a1 st ed.
300 _ax, 335p. :
_bill. ;
_c24 cm.
650 _aExport Marketing.
907 _a.b10306766
_b22-05-12
_c01-02-12
003
005 20230123125400.0
040 _cNUST
942 _cBOOKS
_kHF1416
_mWES
999 _c140557
_d140557